000 00820cam a2200253 4500
008 000000n2000 000 0 eng u
020 _a072772763X
035 _a(Sirsi) u106521
050 _a692.5
100 _aHolroyd, Trevor M.
245 _aPrinciples of estimating.
260 _aLondon
_bThomas Telford
_c2000
300 _aviii, 133p. ; 24cm.
350 _a30.00
520 _aAimed at civil and structural engineers, surveyors, contractors and students, this book seeks to provide the practioner with a sound all round abilitiy and commercial adeptness in principle estimating.
650 _aCIVIL ENGINEERING
650 _aESTIMATING
650 _aBUDGETING
650 _aESTIMATES
650 _aCOST
650 _aTENDER PRICES
690 _aBUILT ENVIRONMENT-BUILDING COSTS
942 _n0
999 _c100568
_d100568